| 000 | 00462cam a22001337a 4500 | ||
|---|---|---|---|
| 008 | 180718b1954 xxu||||| |||| 00| 0 eng d | ||
| 082 | _aI548x54 In2 | ||
| 100 | _aIndia. Press Commission | ||
| 245 | _aReport of the Press Commission | ||
| 260 |
_aDelhi _bThe Manager of Publications _c1954 |
||
| 300 | _a2 Parts | ||
| 500 | _aLibrary has Pt. 1. 538+p;Pt. 2. History of Indian Journalism. 287+p; Pt. 3. Appendices. 453+p | ||
| 700 | _aRajadhayaksha, G.S. (Chairman) | ||
| 999 |
_c489277 _d489277 |
||